00606pam a2200169 a 4500020002400000041000500024082001700029100002000046245008400066250000700150260004100157300001700198653001700215930000900232999001700241952017800258 a978-81-239-2233-1c h a617.522bMIL aMiloro Michael. aPetersons Principles of oral and maxillofacial surgery Vol-1hTextual Documents a3. aDelhibCBS Publishers & Distributors a874:c29*23. aOral Surgery a3010 c42383d42383 001040708ReferenceaDCPbDCPd2012-11-26eCBS Publishers & Distributorsg4497.00l1o617.522 MILpDCP-6559q2050-12-31r2023-11-16 00:00:00s2023-11-16t1w2023-02-24yBK